[Event "XXIX Open"]
[Site "Donostia San Sebastian ESP"]
[Date "2006.04.11"]
[Round "5"]
[White "Alvarez Ponga, H."]
[Black "Luaces Rubio, A."]
[Result "0-1"]
[WhiteElo "2132"]
[BlackElo "2019"]
[PlyCount "144"]
[EventDate "2006.04.08"]

1. d4 Nf6 2. Bg5 c6 3. Bxf6 gxf6 4. e3 d5 5. c4 Qb6 6. Qb3 dxc4 7. Bxc4 Qxb3 8.
Bxb3 e6 9. Nc3 Nd7 10. Nge2 Be7 11. e4 Nb6 12. Rd1 Rg8 13. O-O Bd7 14. d5 e5
15. Ng3 h5 16. d6 Bd8 17. f4 h4 18. Nge2 Be6 19. fxe5 fxe5 20. Nc1 Nd7 21. Nd3
Bb6+ 22. Kh1 Rd8 23. Rf3 Bxb3 24. axb3 f6 25. Rf5 Kf7 26. Ne1 Ke6 27. Rd3 Bc5
28. Rh3 Rg4 29. Nf3 Bxd6 30. Rxh4 Rxh4 31. Nxh4 Nc5 32. Rf3 Nxb3 33. Nd5 cxd5
34. exd5+ Kxd5 35. Rxb3 Rd7 36. Nf5 Bc5 37. h4 Ke4 38. Ng3+ Kd5 39. Rf3 Ke6 40.
Ne4 Be7 41. h5 f5 42. h6 fxe4 43. h7 Rd8 44. Rh3 Bf6 45. g4 Rh8 46. Kg2 Bg5 47.
Kf2 Kf6 48. Ra3 a6 49. Rb3 Kg6 50. Rb6+ Bf6 51. Rxb7 Rxh7 52. Rb6 Rh3 53. Rxa6
Rb3 54. Ra4 Rxb2+ 55. Ke3 Rb3+ 56. Kxe4 Rg3 57. Kd5 Kg5 58. Ke6 Rxg4 59. Ra8
Bg7 60. Ra7 Kf4 61. Rf7+ Kg3 62. Kd5 e4 63. Kc4 Bh6 64. Kd4 e3+ 65. Kd3 Bf4 66.
Ke2 Rg5 67. Rf8 Rd5 68. Rg8+ Bg5 69. Ke1 Kf3 70. Rf8+ Bf4 71. Rh8 Ra5 72. Rh3+
Bg3+ 0-1

[Event "XXIX Open"]
[Site "Donostia San Sebastian ESP"]
[Date "2006.04.11"]
[Round "5"]
[White "Hernandez Lopez, D."]
[Black "Jaumandreu Berruta, I."]
[Result "1/2-1/2"]
[WhiteElo "1988"]
[BlackElo "2168"]
[PlyCount "56"]
[EventDate "2006.04.08"]

1. e4 c5 2. Nf3 d6 3. d4 cxd4 4. Nxd4 Nf6 5. Nc3 a6 6. Be2 e6 7. Be3 Be7 8. O-O
O-O 9. a4 Nc6 10. f4 Bd7 11. Nb3 b6 12. Kh1 Na5 13. Nxa5 bxa5 14. Bd3 e5 15.
Nd5 Nxd5 16. exd5 f5 17. Qe2 Qc8 18. Bc4 Kh8 19. b3 Bf6 20. Rad1 exf4 21. Bxf4
Re8 22. Qd3 Be5 23. Bxe5 dxe5 24. Rde1 f4 25. Qc3 Qc7 26. Qd3 Qc8 27. Qc3 Qc7
28. Qd3 Rac8 1/2-1/2

[Event "XXIX Open"]
[Site "Donostia San Sebastian ESP"]
[Date "2006.04.11"]
[Round "5"]
[White "Ruiz Escobar, R."]
[Black "Andres Gonzalez, A."]
[Result "0-1"]
[WhiteElo "1996"]
[BlackElo "2410"]
[PlyCount "91"]
[EventDate "2006.04.08"]

1. d4 Nf6 2. c4 e6 3. Nf3 Bb4+ 4. Bd2 a5 5. g3 b6 6. Bg2 Bb7 7. O-O O-O 8. Nc3
d6 9. Qc2 Nbd7 10. Rac1 h6 11. Rfe1 Bxc3 12. Bxc3 Be4 13. Qd1 Qb8 14. Nh4 b5
15. Bxe4 Nxe4 16. cxb5 Qxb5 17. Qd3 Qxd3 18. exd3 Nef6 19. Ng2 Nd5 20. Ne3 N7f6
21. a3 Rfb8 22. Re2 Rb3 23. Nc4 a4 24. Rec2 Rab8 25. Na5 R3b5 26. Nc6 R8b6 27.
Bb4 Ra6 28. Bd2 Rb3 29. Nb4 Nxb4 30. Bxb4 Nd5 31. Kf1 Rxd3 32. Bc3 Rf3 33. Ke2
Rf5 34. Bd2 Kf8 35. g4 Rf6 36. g5 hxg5 37. Bxg5 Rg6 38. Bd8 Rh6 39. Ke1 g5 40.
Rd2 Rh7 41. h4 gxh4 42. Ke2 f6 43. Rdc2 h3 44. Bxc7 Rxc7 45. Rxc7 Nxc7 46. Rxc7
0-1

[Event "XXIX Open"]
[Site "Donostia San Sebastian ESP"]
[Date "2006.04.11"]
[Round "5"]
[White "Acosta Garcia, A."]
[Black "Martin Alvarez, I."]
[Result "1/2-1/2"]
[WhiteElo "2304"]
[BlackElo "2092"]
[PlyCount "90"]
[EventDate "2006.04.08"]

1. d4 d6 2. c4 Nf6 3. Nc3 Nbd7 4. Nf3 g6 5. g3 Bg7 6. Bg2 O-O 7. O-O c6 8. b3
e5 9. e4 exd4 10. Nxd4 Nc5 11. Bf4 Re8 12. Qc2 Nfxe4 13. Nxe4 Nxe4 14. Rad1 f5
15. g4 Qf6 16. Rfe1 Bd7 17. gxf5 gxf5 18. Kh1 Qh4 19. Be3 d5 20. Nf3 Qg4 21.
Bd4 Bxd4 22. Rxd4 Rac8 23. Rg1 Kf8 24. Qb2 h5 25. Rxe4 fxe4 26. Qf6+ Kg8 27.
Ng5 Qf5 28. Nxe4 Qxf6 29. Nxf6+ Kf7 30. Nxe8 Rxe8 31. cxd5 Re2 32. dxc6 Bxc6
33. Bxc6 bxc6 34. Kg2 Rxa2 35. Rc1 Rb2 36. Rxc6 Rxb3 37. Rc7+ Kg6 38. Rxa7 Kg5
39. Rg7+ Kh4 40. Rg3 Rb4 41. Re3 Rg4+ 42. Kf3 Kh3 43. Re5 Rh4 44. Ke2 Kxh2 45.
f4 Kg3 1/2-1/2

[Event "XXIX Open"]
[Site "Donostia San Sebastian ESP"]
[Date "2006.04.11"]
[Round "5"]
[White "Llaneza Vega, M."]
[Black "Barrenechea Bahamonde, G."]
[Result "1-0"]
[WhiteElo "2361"]
[BlackElo "2180"]
[PlyCount "91"]
[EventDate "2006.04.08"]

1. e4 b6 2. d4 Bb7 3. Bd3 Nf6 4. Qe2 Nc6 5. c3 e5 6. Nf3 exd4 7. e5 Nd5 8. Be4
Nde7 9. O-O d5 10. exd6 Qxd6 11. cxd4 O-O-O 12. Nc3 f5 13. Nb5 Qe6 14. Nxa7+
Kb8 15. Nxc6+ Nxc6 16. Bd3 Qxe2 17. Bxe2 Nxd4 18. Nxd4 Rxd4 19. Be3 Rb4 20. b3
f4 21. Bd2 Rd4 22. Bc3 Rd8 23. b4 h5 24. a4 f3 25. gxf3 Bd6 26. a5 Rde8 27.
Rfe1 Rhf8 28. Rad1 Rxe2 29. Rxe2 Bxf3 30. Rxd6 cxd6 31. Re6 bxa5 32. bxa5 d5
33. h4 Ka8 34. Be5 Be4 35. Re7 Rc8 36. a6 g6 37. Bd4 Rf8 38. Kf1 Bf3 39. Ke1
Be4 40. Kd2 Rc8 41. Rf7 Bf5 42. f3 Be6 43. Re7 Bf5 44. Ke3 Rf8 45. Bc5 Bh3 46.
Ra7+ 1-0

[Event "XXIX Open"]
[Site "Donostia San Sebastian ESP"]
[Date "2006.04.11"]
[Round "5"]
[White "Alonso Arburu, Jo"]
[Black "Ivanov, Jo"]
[Result "0-1"]
[WhiteElo "2120"]
[BlackElo "2364"]
[PlyCount "90"]
[EventDate "2006.04.08"]

1. c4 e5 2. d3 Nf6 3. Nf3 Nc6 4. e3 d5 5. cxd5 Nxd5 6. a3 g6 7. b4 Bg7 8. Bb2
a6 9. Be2 O-O 10. O-O e4 11. dxe4 Bxb2 12. Ra2 Nxe3 13. Qxd8 Rxd8 14. fxe3 Bg7
15. Bc4 Be6 16. Bxe6 fxe6 17. Kf2 Rd3 18. Ke2 Rad8 19. Rd2 Rb3 20. Rxd8+ Nxd8
21. Nd4 Rb2+ 22. Nd2 Ra2 23. Rc1 c6 24. Rc3 Kf7 25. Rb3 Ke7 26. Kd1 Nf7 27. Kc1
Bxd4 28. exd4 Nd6 29. g4 Kf8 30. Rf3+ Kg7 31. d5 cxd5 32. exd5 e5 33. g5 Nb5
34. Re3 Kf8 35. Rh3 Rxa3 36. Rxh7 Rc3+ 37. Kb2 Rd3 38. Kc2 Rd4 39. Rxb7 Rxb4
40. Kd3 Rd4+ 41. Ke3 Nc3 42. Ra7 Nxd5+ 43. Ke2 Nf4+ 44. Ke1 Ra4 45. Nf3 e4 0-1

[Event "XXIX Open"]
[Site "Donostia San Sebastian ESP"]
[Date "2006.04.11"]
[Round "5"]
[White "Dobrev, N."]
[Black "Boudre, JP."]
[Result "1-0"]
[WhiteElo "2407"]
[BlackElo "2325"]
[PlyCount "71"]
[EventDate "2006.04.08"]

1. d4 d5 2. c4 c6 3. Nc3 Nf6 4. Nf3 e6 5. cxd5 exd5 6. Bg5 h6 7. Bh4 Bf5 8. Qb3
g5 9. Bg3 Qb6 10. e3 Nbd7 11. Be2 Ne4 12. Nxe4 Bxe4 13. O-O Be7 14. Qc3 f6 15.
Nd2 Bg6 16. a3 O-O 17. f4 a5 18. e4 dxe4 19. Bc4+ Kg7 20. f5 Bf7 21. Rae1 Bd5
22. Nxe4 Rfe8 23. Bc7 Qxc7 24. Bxd5 Qb6 25. Be6 Nf8 26. Ba2 Rad8 27. Nc5 Bxc5
28. dxc5 Qb5 29. b4 Rd3 30. Qc2 Rxe1 31. Rxe1 axb4 32. axb4 Rd7 33. Qb3 Rd5 34.
Qe3 Re5 35. Qd2 Rxf5 36. Qd6 1-0

[Event "XXIX Open"]
[Site "Donostia San Sebastian ESP"]
[Date "2006.04.11"]
[Round "5"]
[White "Andres Gonzalez, I."]
[Black "Gonzalez Menendez, I."]
[Result "1/2-1/2"]
[WhiteElo "2330"]
[BlackElo "2413"]
[PlyCount "20"]
[EventDate "2006.04.08"]

1. d4 Nf6 2. Nf3 c5 3. c4 cxd4 4. Nxd4 e5 5. Nc2 d5 6. cxd5 Qxd5 7. Qxd5 Nxd5
8. e4 Nb4 9. Nxb4 Bxb4+ 10. Bd2 Bxd2+ 1/2-1/2

[Event "XXIX Open"]
[Site "Donostia San Sebastian ESP"]
[Date "2006.04.11"]
[Round "5"]
[White "Gomez Esteban, J."]
[Black "Bergez, L."]
[Result "1/2-1/2"]
[WhiteElo "2495"]
[BlackElo "2340"]
[PlyCount "160"]
[EventDate "2006.04.08"]

1. d4 d5 2. c4 c6 3. Nf3 Nf6 4. e3 Bg4 5. h3 Bh5 6. Nc3 e6 7. g4 Bg6 8. Ne5
Nbd7 9. Nxg6 hxg6 10. Bd2 g5 11. Qb3 Rb8 12. Bg2 Be7 13. O-O-O dxc4 14. Qxc4 b5
15. Qe2 Qa5 16. Kb1 b4 17. Ne4 Nd5 18. Rc1 f5 19. gxf5 exf5 20. Ng3 Nc3+ 21.
Bxc3 bxc3 22. b3 c5 23. Bc6 Rh6 24. d5 Rh4 25. f4 Qb4 26. Qc2 c4 27. Qxc3 cxb3
28. Qxb4 Rxb4 29. Nxf5 Rh7 30. a3 Rb8 31. d6 Bf8 32. Bxd7+ Kxd7 33. fxg5 Ke6
34. g6 Rh5 35. e4 Rg5 36. Rhg1 Rxg1 37. Rxg1 Ke5 38. Rg4 Bxd6 39. Nxd6 Kxd6 40.
Kb2 Rf8 41. Rg3 Rf4 42. Rd3+ Ke6 43. Kxb3 Rxe4 44. Rf3 a5 45. Rf7 Re3+ 46. Ka4
Rxh3 47. Rxg7 Rg3 48. Ra7 Kd6 49. Rxa5 Kc6 50. Ra6+ Kc5 51. Rf6 Kc4 52. Rf4+
Kc5 53. Rf5+ Kc4 54. Rf6 Kc5 55. Re6 Kd5 56. Ra6 Kc5 57. Rf6 Kc4 58. Rc6+ Kd5
59. Rc1 Kd6 60. Kb4 Rxg6 61. a4 Rg2 62. a5 Rb2+ 63. Ka4 Ra2+ 64. Kb5 Rb2+ 65.
Ka6 Kd7 66. Ka7 Rb5 67. a6 Rb2 68. Rh1 Kc7 69. Rh7+ Kc8 70. Rb7 Ra2 71. Rb3 Kc7
72. Rc3+ Kd7 73. Rc1 Ra3 74. Kb7 Rb3+ 75. Ka8 Ra3 76. Ka7 Ra2 77. Rc5 Ra1 78.
Kb6 Rb1+ 79. Rb5 Rxb5+ 80. Kxb5 Kc7 1/2-1/2

[Event "XXIX Open"]
[Site "Donostia San Sebastian ESP"]
[Date "2006.04.11"]
[Round "5"]
[White "Flear, G."]
[Black "Genov, Peta"]
[Result "1-0"]
[WhiteElo "2465"]
[BlackElo "2465"]
[PlyCount "109"]
[EventDate "2006.04.08"]

1. d4 Nf6 2. c4 e6 3. Nc3 Bb4 4. Qc2 c5 5. dxc5 Qc7 6. a3 Bxc5 7. b4 Be7 8. Nb5
Qc5 9. Nf3 d6 10. Nfd4 Qb6 11. e3 a6 12. Nc3 Qc7 13. Bb2 b6 14. Bd3 Bb7 15. f4
Nbd7 16. O-O Rc8 17. Rac1 Qb8 18. Qe2 g6 19. Nf3 O-O 20. Ng5 Rfe8 21. e4 h6 22.
Nh3 e5 23. Qd2 Bf8 24. f5 Bg7 25. fxg6 fxg6 26. Rce1 Kh7 27. Nf2 Bc6 28. Qe2
Rf8 29. Nfd1 Qa8 30. Nd5 Rf7 31. N1c3 Qb8 32. Rf3 Rcf8 33. Ref1 Kg8 34. Bc1 Qd8
35. Be3 Bb7 36. h3 Ba8 37. Qf2 Bxd5 38. Nxd5 b5 39. cxb5 axb5 40. Qa2 Kh7 41.
Nxf6+ Nxf6 42. Bxb5 Qa8 43. Bc4 Rc7 44. Bd5 Nxd5 45. Rxf8 Bxf8 46. Qxd5 Qxa3
47. Rxf8 Qxe3+ 48. Kh2 Rg7 49. Qa8 Rg8 50. Qb7+ Rg7 51. Qb8 g5 52. Qe8 Rg8 53.
Qf7+ Rg7 54. Qf5+ Rg6 55. Rf7+ 1-0

[Event "XXIX Open"]
[Site "Donostia San Sebastian ESP"]
[Date "2006.04.12"]
[Round "6"]
[White "Ivanov, Jo"]
[Black "Ninov, N."]
[Result "0-1"]
[WhiteElo "2364"]
[BlackElo "2494"]
[PlyCount "42"]
[EventDate "2006.04.08"]

1. d4 d5 2. c4 e6 3. Nc3 c6 4. Nf3 dxc4 5. a4 Bb4 6. e3 b5 7. Bd2 Bb7 8. axb5
Bxc3 9. Bxc3 cxb5 10. b3 a5 11. d5 Nf6 12. bxc4 b4 13. Bxf6 Qxf6 14. Qa4+ Nd7
15. Nd4 e5 16. Nb3 e4 17. Be2 Qc3+ 18. Kf1 O-O 19. Qxd7 a4 20. Rc1 axb3 21.
Rxc3 bxc3 0-1

[Event "XXIX Open"]
[Site "Donostia San Sebastian ESP"]
[Date "2006.04.12"]
[Round "6"]
[White "Cruz Lopez Claret, C."]
[Black "Vilarnovo Caamano, J."]
[Result "1/2-1/2"]
[WhiteElo "2330"]
[BlackElo "2079"]
[PlyCount "46"]
[EventDate "2006.04.08"]

1. d4 f5 2. g3 e6 3. Bg2 Nf6 4. Nf3 Be7 5. O-O O-O 6. c4 d6 7. Nc3 Qe8 8. Re1
Qg6 9. e4 fxe4 10. Nxe4 Nxe4 11. Rxe4 Nc6 12. Qe2 Bf6 13. Bd2 e5 14. dxe5 dxe5
15. Bc3 Bf5 16. Nh4 Bxh4 17. Rxh4 Rae8 18. c5 e4 19. Re1 Ne5 20. Bd4 Re7 21. b4
Rfe8 22. Rf4 Qe6 23. h4 c6 1/2-1/2

[Event "XXIX Open"]
[Site "Donostia San Sebastian ESP"]
[Date "2006.04.12"]
[Round "6"]
[White "Conquest, S."]
[Black "Flear, G."]
[Result "1/2-1/2"]
[WhiteElo "2505"]
[BlackElo "2465"]
[PlyCount "47"]
[EventDate "2006.04.08"]

1. e4 e5 2. Nc3 Nf6 3. g3 d5 4. exd5 Nxd5 5. Bg2 Nxc3 6. bxc3 Bd6 7. Nf3 O-O 8.
O-O Nc6 9. d4 h6 10. Rb1 Rb8 11. Re1 Bg4 12. h3 Bxf3 13. Bxf3 Qf6 14. Be3 exd4
15. cxd4 Bb4 16. Rf1 Bc3 17. d5 Ne5 18. Be2 b6 19. Rb3 Ng6 20. Qd3 Be5 21. c4
Bd6 22. Bd4 Be5 23. Be3 Bd6 24. Bd4 1/2-1/2

[Event "XXIX Open"]
[Site "Donostia San Sebastian ESP"]
[Date "2006.04.12"]
[Round "6"]
[White "Gonzalez de la Torre, S."]
[Black "Colovic, A."]
[Result "0-1"]
[WhiteElo "2317"]
[BlackElo "2459"]
[PlyCount "82"]
[EventDate "2006.04.08"]

1. e4 c5 2. Nf3 d6 3. d4 cxd4 4. Nxd4 Nf6 5. Nc3 a6 6. Be3 e5 7. Nb3 Be6 8. f3
Nbd7 9. g4 b5 10. g5 Nh5 11. Nd5 Bxd5 12. exd5 h6 13. Qd2 hxg5 14. Bxg5 Be7 15.
Bxe7 Qxe7 16. O-O-O O-O 17. Kb1 Nb6 18. Qe3 Qd8 19. Rg1 Nf4 20. Qf2 Nbxd5 21.
h4 Nf6 22. Nc1 N6h5 23. Nd3 Qf6 24. Rg5 Rfd8 25. Qg1 Ne6 26. Qg4 Nxg5 27. hxg5
Qg6 28. Nb4 Nf4 29. Nc6 Re8 30. Bd3 Nxd3 31. cxd3 d5 32. Rc1 Qxd3+ 33. Ka1 Re6
34. Rh1 Rxc6 35. Qh3 Kf8 36. Qh8+ Ke7 37. Qxa8 Qc4 38. a3 d4 39. Re1 Qd5 40.
Rxe5+ Qxe5 41. Qxc6 Qe1+ 0-1

[Event "XXIX Open"]
[Site "Donostia San Sebastian ESP"]
[Date "2006.04.12"]
[Round "6"]
[White "Del Rey, D."]
[Black "Neelotpal, D."]
[Result "0-1"]
[WhiteElo "2431"]
[BlackElo "2514"]
[PlyCount "52"]
[EventDate "2006.04.08"]

1. d4 Nf6 2. c4 e6 3. Nf3 Bb4+ 4. Nbd2 b6 5. a3 Bxd2+ 6. Qxd2 Bb7 7. e3 O-O 8.
Be2 d6 9. b3 Nbd7 10. Bb2 Qe8 11. Qc2 Ne4 12. O-O f5 13. Nd2 Qg6 14. f3 Ng5 15.
d5 exd5 16. cxd5 Rae8 17. Kh1 Rxe3 18. Bb5 Nc5 19. b4 a6 20. bxc5 axb5 21. cxb6
cxb6 22. Rae1 f4 23. Qc7 Bxd5 24. Bd4 Re5 25. Bc3 Ne6 26. Qd7 Nc5 0-1

[Event "XXIX Open"]
[Site "Donostia San Sebastian ESP"]
[Date "2006.04.12"]
[Round "6"]
[White "Prie, E."]
[Black "Llaneza Vega, M."]
[Result "1-0"]
[WhiteElo "2475"]
[BlackElo "2361"]
[PlyCount "57"]
[EventDate "2006.04.08"]

1. d4 Nf6 2. Nf3 c5 3. c3 Qc7 4. Bg5 Ne4 5. Bh4 Qb6 6. Nbd2 d5 7. Qb3 Nxd2 8.
Nxd2 cxd4 9. Qxb6 axb6 10. cxd4 Nc6 11. e3 Nb4 12. Rc1 Bf5 13. a3 Nd3+ 14. Bxd3
Bxd3 15. Rc3 Ba6 16. f3 g5 17. Bg3 Bg7 18. Kf2 O-O 19. Bc7 f5 20. h4 f4 21.
hxg5 fxe3+ 22. Kxe3 e5 23. Bxe5 Bxe5 24. dxe5 Rae8 25. f4 d4+ 26. Kxd4 Rxf4+
27. Ne4 Rg4 28. g3 Bb5 29. Rh4 1-0

[Event "XXIX Open"]
[Site "Donostia San Sebastian ESP"]
[Date "2006.04.12"]
[Round "6"]
[White "Cornette, M."]
[Black "Huesmann, T."]
[Result "1-0"]
[WhiteElo "2448"]
[BlackElo "2303"]
[PlyCount "115"]
[EventDate "2006.04.08"]

1. e4 e5 2. Nf3 Nc6 3. Bc4 Nf6 4. d3 Bc5 5. c3 d6 6. Bb3 O-O 7. Bg5 Qe7 8. Nbd2
Nd8 9. O-O Ne6 10. Be3 Bxe3 11. fxe3 Nc5 12. Bc2 Ng4 13. Qe2 f5 14. exf5 Bxf5
15. h3 Nh6 16. e4 Bg6 17. g3 Kh8 18. Kh2 Bf7 19. Qe3 Be6 20. d4 Nd7 21. Bb3
Bxb3 22. axb3 a6 23. d5 Nf6 24. Kg2 Nf7 25. Rf2 g5 26. Nh2 Nd7 27. Rf5 Rg8 28.
Ng4 h5 29. Raf1 Rg7 30. Qf2 hxg4 31. Rxf7 gxh3+ 32. Kxh3 g4+ 33. Kg2 Rxf7 34.
Qxf7 Qxf7 35. Rxf7 Nc5 36. Kf2 c6 37. Ke3 cxd5 38. exd5 b5 39. Rf6 Rd8 40. Rg6
Kh7 41. Rxg4 Rf8 42. Rh4+ Kg6 43. Rh2 Kg5 44. b4 Na4 45. Ne4+ Kg6 46. Nxd6 Rd8
47. Ne4 Rxd5 48. b3 Nb6 49. Ra2 Nc8 50. Rxa6+ Kg7 51. Rc6 Ne7 52. Rc5 Kg6 53.
Rxd5 Nxd5+ 54. Kd3 Kf5 55. Nd6+ Kg4 56. Nxb5 Kf3 57. Nd6 Kxg3 58. Ke4 1-0

[Event "XXIX Open"]
[Site "Donostia San Sebastian ESP"]
[Date "2006.04.12"]
[Round "6"]
[White "Genov, Peta"]
[Black "Andres Gonzalez, I."]
[Result "1/2-1/2"]
[WhiteElo "2465"]
[BlackElo "2330"]
[PlyCount "56"]
[EventDate "2006.04.08"]

1. c4 Nf6 2. g3 e6 3. Bg2 d5 4. Nf3 Be7 5. O-O O-O 6. b3 Nbd7 7. Bb2 c5 8. e3
b6 9. Qe2 Bb7 10. d3 Qc7 11. Nbd2 Rac8 12. e4 d4 13. e5 Ng4 14. Rfe1 Nh6 15.
Bc1 Nf5 16. Ne4 h6 17. h4 Kh8 18. Bf4 Qd8 19. Kh2 Rg8 20. Rh1 Nf8 21. h5 Nh7
22. Qd2 g5 23. hxg6 fxg6 24. Nd6 Bxd6 25. exd6 Bxf3 26. Be5+ Nf6 27. Bxf3 Kh7
28. Kg2 g5 1/2-1/2

[Event "XXIX Open"]
[Site "Donostia San Sebastian ESP"]
[Date "2006.04.12"]
[Round "6"]
[White "Arce Balluerca, J."]
[Black "Jakobsen, O."]
[Result "0-1"]
[WhiteElo "2109"]
[BlackElo "2388"]
[PlyCount "94"]
[EventDate "2006.04.08"]

1. e4 c5 2. Nc3 Nc6 3. f4 g6 4. Nf3 Bg7 5. g3 d6 6. Bg2 e6 7. O-O Nge7 8. d3
O-O 9. Rb1 Rb8 10. Be3 b5 11. d4 b4 12. dxc5 bxc3 13. cxd6 cxb2 14. dxe7 Qxe7
15. e5 Ba6 16. Rf2 Rfd8 17. Qe1 Qa3 18. Ng5 Nb4 19. Bxa7 Qxa2 20. Bxb8 Rxb8 21.
Rd1 Bf8 22. Ne4 Nd5 23. Rxd5 exd5 24. Nf6+ Kg7 25. Bxd5 Bc4 26. Bxc4 Qxc4 27.
Qe4 Qc5 28. Kg2 Rb4 29. Qe2 Qc6+ 30. Kh3 Qe6+ 31. Kg2 Qa2 32. Qd1 Rd4 33. Qxd4
Qb1 34. Ne8+ Kg8 35. Nf6+ Kh8 36. e6 Qxc2 37. Kh3 fxe6 38. Ne4+ Kg8 39. Qe5 Qc6
40. Nf6+ Kf7 41. Nxh7 b1=Q 42. Qf6+ Ke8 43. Qxf8+ Kd7 44. Nf6+ Kc7 45. Qe7+ Kb8
46. Nd7+ Kc8 47. Qe8+ Kc7 0-1

[Event "XXIX Open"]
[Site "Donostia San Sebastian ESP"]
[Date "2006.04.12"]
[Round "6"]
[White "Argandona Rivero, I."]
[Black "Martin Alvarez, I."]
[Result "1/2-1/2"]
[WhiteElo "2382"]
[BlackElo "2092"]
[PlyCount "104"]
[EventDate "2006.04.08"]

1. d4 d6 2. e4 Nf6 3. Nc3 g6 4. Bg5 Bg7 5. e5 Nfd7 6. f4 O-O 7. h4 Nb6 8. h5 f6
9. Bh4 dxe5 10. hxg6 hxg6 11. fxe5 fxe5 12. Nf3 Bg4 13. Qd3 Bf5 14. Qc4+ Nxc4
15. Bxc4+ Rf7 16. O-O-O e4 17. Ng5 Bh6 18. Bxf7+ Kg7 19. Kb1 Bxg5 20. Bxg5 Kxf7
21. Rh7+ Ke6 22. d5+ Kd7 23. Nb5 Na6 24. d6 Kc8 25. Rxe7 b6 26. Rd4 Kb7 27.
dxc7 Qxe7 28. Bxe7 Nxc7 29. Nd6+ Kc6 30. Nf7 Re8 31. Nd8+ Kb5 32. Rb4+ Ka6 33.
c4 e3+ 34. Kc1 b5 35. Bh4 g5 36. Bxg5 e2 37. cxb5+ Kb6 38. Bh4 e1=Q+ 39. Bxe1
Rxe1+ 40. Kd2 Re4 41. Rxe4 Bxe4 42. g4 Kxb5 43. Nf7 Kc5 44. Ne5 Kd4 45. Nd7 Ne6
46. Nf6 Bc6 47. Nh5 Bf3 48. Nf6 Ng5 49. Kc2 Ne4 50. Nxe4 Bxe4+ 51. Kb3 a6 52.
Kb4 Ke5 1/2-1/2

[Event "XXIX Open"]
[Site "Donostia San Sebastian ESP"]
[Date "2006.04.12"]
[Round "6"]
[White "Bergez, L."]
[Black "Rayner, F."]
[Result "1-0"]
[WhiteElo "2340"]
[BlackElo "2205"]
[PlyCount "61"]
[EventDate "2006.04.08"]

1. e4 c5 2. Nf3 e6 3. c3 Nf6 4. e5 Nd5 5. d4 cxd4 6. cxd4 b6 7. Bd3 Bb7 8. O-O
Be7 9. a3 Ba6 10. Bxa6 Nxa6 11. Nc3 Nac7 12. Ne4 O-O 13. Bg5 f6 14. exf6 Nxf6
15. Bxf6 Bxf6 16. Nxf6+ gxf6 17. Nd2 Nd5 18. Nc4 Qe7 19. Qf3 Rac8 20. Rac1 Qg7
21. Ne3 Qg5 22. Rxc8 Rxc8 23. Nxd5 Qxd5 24. Qxf6 Rc4 25. Rd1 d6 26. h3 Qf5 27.
Qd8+ Qf8 28. Qd7 Qc8 29. Qxd6 Rc1 30. Qg3+ Kh8 31. Qe5+ 1-0

[Event "XXIX Open"]
[Site "Donostia San Sebastian ESP"]
[Date "2006.04.12"]
[Round "6"]
[White "Luaces Rubio, A."]
[Black "Guerra Bastida, D."]
[Result "0-1"]
[WhiteElo "2019"]
[BlackElo "2373"]
[PlyCount "70"]
[EventDate "2006.04.08"]

1. b3 Nf6 2. Bb2 g6 3. e3 Bg7 4. c4 O-O 5. Nf3 c5 6. Be2 Nc6 7. O-O b6 8. Nc3
Bb7 9. d3 e6 10. Rc1 d5 11. cxd5 Nxd5 12. a3 Rc8 13. Qc2 Nd4 14. Qd1 Nxe2+ 15.
Qxe2 Nxc3 16. Bxc3 Bxf3 17. gxf3 Bxc3 18. Rxc3 Qg5+ 19. Kh1 Rcd8 20. f4 Qd5+
21. Kg1 Rfe8 22. Rfc1 e5 23. fxe5 Rxe5 24. f4 Ree8 25. Kf2 a5 26. Qf3 Qf5 27.
Rd1 Qf6 28. Rc2 Rd6 29. e4 Qd4+ 30. Ke2 a4 31. bxa4 Qxa4 32. Rc3 Rd4 33. Kf2
Rexe4 34. dxe4 Rxd1 35. Rd3 Qc2+ 0-1

[Event "XXIX Open"]
[Site "Donostia San Sebastian ESP"]
[Date "2006.04.12"]
[Round "6"]
[White "Petrov, Marij"]
[Black "Alcaide Luque, A."]
[Result "1-0"]
[WhiteElo "2427"]
[BlackElo "2092"]
[PlyCount "59"]
[EventDate "2006.04.08"]

1. e4 e6 2. d4 d5 3. e5 c5 4. c3 Nc6 5. Nf3 Bd7 6. a3 f6 7. Bd3 Qc7 8. O-O
O-O-O 9. Bf4 h6 10. Bg3 f5 11. h4 c4 12. Be2 g5 13. hxg5 Nge7 14. g6 Nxg6 15.
Nh4 Be8 16. Nxg6 Bxg6 17. b3 cxb3 18. Qxb3 Be7 19. a4 f4 20. Bxf4 Rdg8 21. Nd2
Bg5 22. Bxg5 hxg5 23. Bg4 Qd7 24. f3 Bd3 25. Rfc1 Rh4 26. Nf1 Bc4 27. Qa3 Rgh8
28. Ne3 Qf7 29. Qd6 Qf4 30. Bxe6# 1-0

[Event "XXIX Open"]
[Site "Donostia San Sebastian ESP"]
[Date "2006.04.12"]
[Round "6"]
[White "Contin, D."]
[Black "Manso Marquez, F."]
[Result "1-0"]
[WhiteElo "2396"]
[BlackElo "2098"]
[PlyCount "55"]
[EventDate "2006.04.08"]

1. c4 Nf6 2. Nf3 e6 3. g3 d5 4. b3 Be7 5. Bg2 O-O 6. O-O c5 7. e3 Nc6 8. Qe2 a5
9. Nc3 d4 10. exd4 cxd4 11. Nb5 d3 12. Qd1 Nd7 13. Bb2 Bf6 14. Qb1 Nc5 15. a3
e5 16. Bc3 Nd4 17. Bxd4 exd4 18. b4 axb4 19. axb4 Rxa1 20. Qxa1 Na6 21. Qb2 Bd7
22. Nd6 Be7 23. Qxd4 Nxb4 24. c5 Na6 25. Nxb7 Qc7 26. Ne5 Nxc5 27. Rc1 Re8 28.
Nxc5 1-0

[Event "XXIX Open"]
[Site "Donostia San Sebastian ESP"]
[Date "2006.04.13"]
[Round "7"]
[White "Flear, G."]
[Black "Spraggett, K."]
[Result "0-1"]
[WhiteElo "2465"]
[BlackElo "2578"]
[PlyCount "60"]
[EventDate "2006.04.08"]

1. d4 d5 2. c4 c6 3. Nc3 Nf6 4. e3 a6 5. Qc2 e6 6. Bd2 Nbd7 7. Nf3 c5 8. cxd5
exd5 9. g3 b5 10. Bg2 Bb7 11. dxc5 Bxc5 12. O-O O-O 13. Rfd1 Rc8 14. Qf5 Re8
15. Rac1 g6 16. Qb1 Qe7 17. Ne1 Nb6 18. Nd3 Bd6 19. Ne2 Nc4 20. Bc3 d4 21. Bxd4
Bxg2 22. Kxg2 Qb7+ 23. Kg1 Ne4 24. Ne1 Ng5 25. Kf1 Qh1+ 26. Ng1 Bb4 27. Ke2
Bxe1 28. Rxe1 Qxh2 29. Rf1 Ne4 30. Nf3 Qg2 0-1

[Event "XXIX Open"]
[Site "Donostia San Sebastian ESP"]
[Date "2006.04.13"]
[Round "7"]
[White "Jakobsen, O."]
[Black "Gonzalez Menendez, I."]
[Result "1/2-1/2"]
[WhiteElo "2388"]
[BlackElo "2413"]
[PlyCount "86"]
[EventDate "2006.04.08"]

1. d4 Nf6 2. c4 c5 3. d5 e6 4. Nc3 exd5 5. cxd5 d6 6. e4 g6 7. f3 Bg7 8. Nge2
O-O 9. Ng3 Nh5 10. Nxh5 gxh5 11. Bf4 f5 12. Qd2 Qf6 13. Bg5 Qg6 14. Bd3 a6 15.
a4 fxe4 16. Bxe4 Bf5 17. O-O Nd7 18. Bxf5 Rxf5 19. f4 Raf8 20. h3 Bd4+ 21. Kh1
Nb6 22. g4 hxg4 23. hxg4 Qxg5 24. fxg5 Rxf1+ 25. Rxf1 Rxf1+ 26. Kg2 Rf2+ 27.
Qxf2 Bxf2 28. Kxf2 Nc4 29. b3 Nd2 30. Ke3 Nxb3 31. Ne4 b5 32. axb5 axb5 33.
Nxd6 b4 34. Nc4 Kf7 35. Ke4 Nd4 36. Ke5 Nb5 37. d6 Na3 38. Na5 b3 39. Nxb3 c4
40. Nc5 c3 41. Nd3 Nc4+ 42. Kd5 Nxd6 43. Kxd6 Kg6 1/2-1/2

[Event "XXIX Open"]
[Site "Donostia San Sebastian ESP"]
[Date "2006.04.13"]
[Round "7"]
[White "Boudre, JP."]
[Black "Cifuentes Parada, R."]
[Result "1-0"]
[WhiteElo "2325"]
[BlackElo "2494"]
[PlyCount "49"]
[EventDate "2006.04.08"]

1. e4 c5 2. Nf3 d6 3. d4 cxd4 4. Nxd4 Nf6 5. Nc3 Nc6 6. Bg5 Bd7 7. Be2 Rc8 8.
O-O Nxd4 9. Qxd4 Qa5 10. Bxf6 gxf6 11. Nd5 Qc5 12. Qd2 f5 13. c4 a5 14. exf5
Bxf5 15. Rfe1 Be6 16. Bh5 Kd7 17. Qf4 Bg7 18. Bxf7 Bxd5 19. Qf5+ Kc7 20. Rxe7+
Kb6 21. Bxd5 Rhf8 22. Bf3 Bd4 23. Rd7 Bxf2+ 24. Kh1 Rc7 25. Be2 1-0